000 00769nam a2200217 a 4500
001 55879
003 BD-RjUL
005 20211209080327.0
008 161122s2000 ii ||||| |||| 00| 0 ben d
035 _a(BD-RjUL) 56003
040 _aBD-RjUL
_bben
_cBD-RjUL
041 _aben
082 _223
_a398
_bMID 2000
100 _aমিস্ত্রী, সুভাষ
_9166366
245 1 0 _aদক্ষিণবঙ্গের লোকসমাজে মন্ত্র /
_cসুভাষ মিস্ত্রী
260 _aকলিকাতা :
_bপুস্তক বিপণি,
_c২০০০
300 _a২২৮ পৃ. ;
_c২১ সেমি .
650 _aফোকলোর
_9166367
650 _aFolklore
_9166368
942 _2ddc
_cBK
999 _c55879
_d55879